Delhi : (Record no. 66336)

MARC details
000 -LEADER
fixed length control field 01896nam a22002897a 4500
005 - DATE AND TIME OF LATEST TRANSACTION
control field 20120508145742.0
010 ## - LCCN (DPL NO)
LC control number B-457981-985 B-477225
020 ## - INTERNATIONAL STANDARD BOOK NUMBER
International Standard Book Number 9788171888887
Terms of availability 195.00
035 ## - SYSTEM CONTROL NUMBER
System control number B-457981-985 B-477225
037 ## - SOURCE OF ACQUISITION
Stock number dpl
Source of stock number/acquisition K.K.PUB/Ven
082 ## - DEWEY DECIMAL CLASSIFICATION NUMBER
Classification number 954.16
245 ## - TITLE STATEMENT
Title Delhi :
Statement of responsibility, etc edited by Malvika Singh
Remainder of title the First City /
260 ## - PUBLICATION, DISTRIBUTION, ETC. (IMPRINT)
Place of publication, distribution, etc New Delhi
Name of publisher, distributor, etc Academic Foundation
Date of publication, distribution, etc 2011
270 ## - ADDRESS
Address 4772/23 Bharat Ram Road Darya Ganj
City New Delhi
Postal code 110002
Telephone number 23245005
300 ## - PHYSICAL DESCRIPTION
Extent 98p.
Dimensions 20cm (pbk)
700 ## - ADDED ENTRY--PERSONAL NAME
Personal name Singh, Malvika
9 (RLIN) 46702
710 ## - ADDED ENTRY--CORPORATE NAME
Corporate name or jurisdiction name as entry element Singh, Malvika
9 (RLIN) 46667
942 ## - ADDED ENTRY ELEMENTS (KOHA)
Source of classification or shelving scheme Dewey Decimal Classification
Item type English Books
Call number suffix DEL
Classification part 954.16
Holdings
Withdrawn status Lost status Not for loan Collection code Home library Current library Date acquired Source of acquisition Cost, normal purchase price Full call number Barcode Copy number Cost, replacement price Koha item type
      Non-fiction Bawana Bawana 14/05/2012 K.K.Pub/1659/24.01.12/25/24.01.12/06.02.12 195.00 954.16 DEL B-457984 1 195.00 English Books
      Non-fiction Central Library Central Library 14/05/2012 K.K.Pub/1659/24.01.12/25/24.01.12/06.02.12 195.00 954.16 DEL B-457981 1 195.00 English Books
      Non-fiction Central Library Central Library 08/08/2012 K.K.Pub/1907/30.3.2012/SP/45/30.03.2012/30.03.2012 195.00 954.16 DEL B-477225 1 195.00 English Books
      Non-fiction Patel Nagar Patel Nagar 14/05/2012 K.K.Pub/1659/24.01.12/25/24.01.12/06.02.12 195.00 954.16 DEL B-457982 1 195.00 English Books
      Non-fiction Sarojini Nagar Sarojini Nagar 14/05/2012 K.K.Pub/1659/24.01.12/25/24.01.12/06.02.12 195.00 954.16 DEL B-457983 1 195.00 English Books
      Non-fiction Shahdara Branch Shahdara Branch 14/05/2012 K.K.Pub/1659/24.01.12/25/24.01.12/06.02.12 195.00 954.16 DEL B-457985 1 195.00 English Books

© Delhi Public Library
Hit Counter
free hit counter